|
|
|
|
| LEADER |
02413nam a22004815i 4500 |
| 001 |
978-81-322-1097-9 |
| 003 |
DE-He213 |
| 005 |
20151204141139.0 |
| 007 |
cr nn 008mamaa |
| 008 |
130321s2013 ii | s |||| 0|eng d |
| 020 |
|
|
|a 9788132210979
|9 978-81-322-1097-9
|
| 024 |
7 |
|
|a 10.1007/978-81-322-1097-9
|2 doi
|
| 040 |
|
|
|d GrThAP
|
| 050 |
|
4 |
|a Q342
|
| 072 |
|
7 |
|a UYQ
|2 bicssc
|
| 072 |
|
7 |
|a COM004000
|2 bisacsh
|
| 082 |
0 |
4 |
|a 006.3
|2 23
|
| 100 |
1 |
|
|a Metkar, Shilpa.
|e author.
|
| 245 |
1 |
0 |
|a Motion Estimation Techniques for Digital Video Coding
|h [electronic resource] /
|c by Shilpa Metkar, Sanjay Talbar.
|
| 264 |
|
1 |
|a India :
|b Springer India :
|b Imprint: Springer,
|c 2013.
|
| 300 |
|
|
|a XII, 64 p. 32 illus.
|b online resource.
|
| 336 |
|
|
|a text
|b txt
|2 rdacontent
|
| 337 |
|
|
|a computer
|b c
|2 rdamedia
|
| 338 |
|
|
|a online resource
|b cr
|2 rdacarrier
|
| 347 |
|
|
|a text file
|b PDF
|2 rda
|
| 490 |
1 |
|
|a SpringerBriefs in Applied Sciences and Technology,
|x 2191-530X
|
| 505 |
0 |
|
|a Introduction -- Performance Evaluation of Block Matching Algorithms for Video Coding -- Fast Motion Estimation using Modified Orthogonal Search Algorithm for Video Compression -- Dynamic Motion Detection Techniques -- Conclusion and Research Directions -- Bibliography.
|
| 520 |
|
|
|a The book deals with the development of a methodology to estimate the motion field between two frames for video coding applications. This book proposes an exhaustive study of the motion estimation process in the framework of a general video coder. The conceptual explanations are discussed in a simple language and with the use of suitable figures. The book will serve as a guide for new researchers working in the field of motion estimation techniques.
|
| 650 |
|
0 |
|a Engineering.
|
| 650 |
|
0 |
|a Computer graphics.
|
| 650 |
|
0 |
|a Computational intelligence.
|
| 650 |
1 |
4 |
|a Engineering.
|
| 650 |
2 |
4 |
|a Computational Intelligence.
|
| 650 |
2 |
4 |
|a Signal, Image and Speech Processing.
|
| 650 |
2 |
4 |
|a Computer Imaging, Vision, Pattern Recognition and Graphics.
|
| 700 |
1 |
|
|a Talbar, Sanjay.
|e author.
|
| 710 |
2 |
|
|a SpringerLink (Online service)
|
| 773 |
0 |
|
|t Springer eBooks
|
| 776 |
0 |
8 |
|i Printed edition:
|z 9788132210962
|
| 830 |
|
0 |
|a SpringerBriefs in Applied Sciences and Technology,
|x 2191-530X
|
| 856 |
4 |
0 |
|u http://dx.doi.org/10.1007/978-81-322-1097-9
|z Full Text via HEAL-Link
|
| 912 |
|
|
|a ZDB-2-ENG
|
| 950 |
|
|
|a Engineering (Springer-11647)
|